01394cam a2200325 a 450000100090000000300040000900500170001300800410003001000170007102000150008804000180010305000240012110000560014524500410020126000400024230000210028249000550030350000570035852100070041552600080042265000520043065000450048265500300052765500280055780000920058585600730067785601250075085600870087585601060096212532887OSt20140310184451.0010913r20011965mauabf 000 1 eng  a 2001276576 a0345339703 aDLCcDLCdDLC00aPR 6039b.T649 19541 aTolkien, J. R. R.q(John Ronald Reuel),d1892-1973.14aLord of the rings :cJ.R.R. Tolkien. aBoston :bHoughton Mifflin,c[2001] a458 p. :c23 cm.1 aThe lord of the rings / by J.R.R. Tolkien ;vpt. 1 a"Note on the text" / David A. Anderson: p. [v]-viii. aG6 c860 0aBaggins, Frodo (Fictitious character)vFiction. 0aMiddle Earth (Imaginary place)vFiction. 7aAdventure fiction.2gsafd 7aFantasy fiction.2gsafd1 aTolkien, J. R. R.q(John Ronald Reuel),d1892-1973.tLord of the rings (2001) ;vpt. 1.413Sample textuhttp://www.loc.gov/catdir/samples/hm051/2001276576.html423Reading group guideuhttp://www.houghtonmifflinbooks.com/readers_guides/lotr/fellowring.shtmlzValid as of Nov. 21, 2002423Publisher descriptionuhttp://www.loc.gov/catdir/description/hm021/2001276576.html423Contributor biographical informationuhttp://www.loc.gov/catdir/enhancements/fy0736/2001276576-b.html